Memoirs of an architect (Record no. 353830)
[ view plain ]
| 000 -LEADER | |
|---|---|
| fixed length control field | 00424nam a22001697a 4500 |
| 003 - CONTROL NUMBER IDENTIFIER | |
| control field | OSt |
| 005 - DATE AND TIME OF LATEST TRANSACTION | |
| control field | 20180116192419.0 |
| 008 - FIXED-LENGTH DATA ELEMENTS--GENERAL INFORMATION | |
| fixed length control field | 131111t xxu||||| |||| 00| 0 eng d |
| 040 ## - CATALOGING SOURCE | |
| Transcribing agency | 0 |
| 082 ## - DEWEY DECIMAL CLASSIFICATION NUMBER | |
| Classification number | 720.92 |
| Author Mark | KHA 1998 |
| 100 1# - MAIN ENTRY--PERSONAL NAME | |
| Personal name | khwaja, Zahir-ud deen |
| 9 (RLIN) | 7100 |
| 245 10 - TITLE STATEMENT | |
| Title | Memoirs of an architect |
| Statement of responsibility, etc. | Zahir ud Deen khawaja |
| 260 ## - PUBLICATION, DISTRIBUTION, ETC. | |
| Place of publication, distribution, etc. | Lahore : |
| Date of publication, distribution, etc. | 260. |
| 300 ## - PHYSICAL DESCRIPTION | |
| Extent | 362 p. |
| 650 ## - SUBJECT ADDED ENTRY--TOPICAL TERM | |
| Topical term or geographic name entry element | Architecture |
| 9 (RLIN) | 7101 |
| 942 ## - ADDED ENTRY ELEMENTS (KOHA) | |
| Source of classification or shelving scheme | |
| Koha item type | Book |
| Withdrawn status | Lost status | Source of classification or shelving scheme | Damaged status | Not for loan | Permanent Location | Current Location | Date acquired | Total Checkouts | Full call number | Barcode | Date last seen | Cost, replacement price | Price effective from | Koha item type | Total Renewals | Date last checked out |
|---|---|---|---|---|---|---|---|---|---|---|---|---|---|---|---|---|
| School of Art Design and Architecture (SADA) | School of Art Design and Architecture (SADA) | 11/11/2013 | 720.92 KHA 1998 | SADA0002153 | 01/05/2017 | 330.00 | 01/05/2017 | Book | ||||||||
| School of Art Design and Architecture (SADA) | School of Art Design and Architecture (SADA) | 11/11/2013 | 720.92 KHA 1998 | SADA0002154 | 01/05/2017 | 330.00 | 01/05/2017 | Book | ||||||||
| School of Art Design and Architecture (SADA) | School of Art Design and Architecture (SADA) | 11/11/2013 | 1 | 720.92 KHA 1998 | SADA0002155 | 11/11/2015 | 330.00 | 11/11/2013 | Book | 1 | 10/02/2015 | |||||
| School of Art Design and Architecture (SADA) | School of Art Design and Architecture (SADA) | 11/11/2013 | 720.92 KHA 1998 | SADA0002156 | 01/05/2017 | 330.00 | 01/05/2017 | Book |
